Statistiche per completa il proverbio 2

Clicka qui per fare il quiz!

Statistiche generali

  • Questo quiz è stato fatto 239 volte
  • Il punteggio medio è 19 su 30

Statistiche sulle risposte

proverbiocompletamento% Corretto
l'abito non fail monaco
98%
ride benechi ride ultimo
92%
occhio per occhiodente per dente
90%
tutto fumoniente arrosto
88%
tra i due litigantiil terzo gode
87%
quando il gatto non c'èi topi ballano
86%
meglio soliche mal accompagnati
84%
l'appetito vienmangiando
84%
morto un papase ne fa un altro
84%
epifania tutte le feste portavia
83%
uomo avvisatomezzo salvato
82%
patti chiariamicizia lunga
77%
l'eccezione confermala regola
75%
l'erba voglio non cresce neanche nelgiardino del re
71%
roma non fu fattain un giorno
71%
vivi elascia vivere
68%
natale con i tuoipasqua con chi vuoi
68%
piove sempre sulbagnato
63%
l'amore non è bello se nonè litigarello
62%
occhio non vedecuore non duole
61%
tra moglie e maritonon mettere il dito
61%
mal comunemezzo gaudio
48%
si dice il peccatoma non il peccatore
44%
una rondinenon fa primavera
40%
paese che vaiusanza che trovi
35%
cielo a pecorelleacqua a catinelle
34%
tutto il mondoè paese
32%
nessuna nuovabuona nuova
16%
il riso abbondasul viso degli stolti
5%
passata la festagabbato lo santo
4%

Distribuzione punteggi

Percentile per numero di risposta

Percentuale di utenti per punteggio

I tuoi punteggi nel tempo

Non hai fatto questo quiz